Statistiche per Top 10 dei paesi con decessi Covid-19 - 22 aprile

Clicka qui per fare il quiz!

Statistiche generali

  • Questo quiz è stato fatto 7 volte
  • Il punteggio medio è 8 su 13

Statistiche sulle risposte

nazione% Corretto
Italia
100%
Spagna
100%
Francia
86%
Regno Unito
86%
Stati Uniti
86%
Germania
71%
Belgio
57%
Cina
57%
Svizzera
57%
Iran
43%
Paesi Bassi
43%
Irlanda
29%
Svezia
29%

Distribuzione punteggi

Percentile per numero di risposta

Percentuale di utenti per punteggio

I tuoi punteggi nel tempo

Non hai fatto questo quiz